00794nam a2200133Ia 4500008004100000020001800041082002200059100002800081245026000109260004900369300001100418440011000429650012100539120622s9999 xx 000 0 und d a968-810-151-6 a327.72 A673hd v.7 aGonzalez Sanchez, Mario aRelaciones consulares y diplomaticas Mexico-Belice, 1827-1943 ; relaciones consulares y diplomaticas Mexico-Costa Rica, 1880-1960 ; relaciones consulares y diplomaticas Mexico-Honduras, 1880-1960 ; relaciones consulares y diplomaticas Mexico-Panama, 1826- aMexico : Secretaria de Relaciones Exteriores a138 p. aArchivo Historico Diplomatico Mexicano. cuarta epoca ; no.7. Guias para la historia diplomatica de Mexico a1. MEXICO - SERVICIO DIPLOMATICO Y CONSULAR - AMERICA LATINA \ 2. MEXICO - RELACIONES EXTERIORES - AMERICA LATINAÌ€